[Event "DDMM (Women)"]
[Site "Weilburg"]
[Date "1999.??.??"]
[Round "4.1"]
[White "Schaefer, Anke"]
[Black "Kopylov, Luba"]
[Result "0-1"]
[WhiteElo "2190"]
[BlackElo "1683"]
[PlyCount "40"]
[EventDate "1999.??.??"]
[EventType "team"]
[EventRounds "5"]
[EventCountry "GER"]
[SourceTitle "EXT 2000"]
[Source "ChessBase"]
[SourceDate "1999.11.16"]
[SourceVersion "1"]
[SourceVersionDate "1999.11.16"]
[SourceQuality "1"]

1. e4 b6 2. f4 e5 3. Nf3 exf4 4. d4 Bb7 5. Bd3 Nf6 6. Qe2 c5 7. Bxf4 Nh5 8. Bd2 cxd4 9. 0-0 g6 10. Nxd4 Bg7 11. Bc3 Qg5 12. Nb5 0-0 13. Nc7 Qc5+ 14. Qf2 Qxc7 15. Kh1 Na6 16. Bxg7 Nxg7 17. Nc3 Nb4 18. Bb5 d5 19. exd5 Nxd5 20. Ne4 Nh5 0-1

[Event "BL 9899 (Women)"]
[Site "Germany"]
[Date "1998.11.14"]
[Round "3.4"]
[White "Schaefer, Anke"]
[Black "Wolf, Sylvia"]
[Result "1/2-1/2"]
[WhiteElo "2170"]
[BlackElo "2075"]
[PlyCount "78"]
[EventDate "1998.10.24"]
[EventType "team-tourn"]
[EventRounds "11"]
[EventCountry "GER"]
[SourceTitle "GER-chT"]
[Source "ChessBase"]
[SourceDate "1999.07.01"]
[SourceVersion "1"]
[SourceVersionDate "1999.07.01"]
[SourceQuality "1"]
[WhiteTeam "Leipzig Gohlis"]
[BlackTeam "Berlin"]
[WhiteTeamCountry "GER"]
[BlackTeamCountry "GER"]

1. e4 d5 2. exd5 Qxd5 3. Nc3 Qa5 4. d4 c6 5. Nf3 Nf6 6. Bc4 Bf5 7. Bd2 e6 8. Qe2 Qc7 9. 0-0-0 Nbd7 10. Nh4 Bg6 11. Nxg6 hxg6 12. d5 cxd5 13. Nxd5 Nxd5 14. Bxd5 0-0-0 15. Be4 Bd6 16. g3 Be5 17. f4 Bd4 18. Bb4 Nc5 19. Bf3 Na6 20. Ba3 Bc5 21. Bxc5 Nxc5 22. Rxd8+ Rxd8 23. Rd1 Rxd1+ 24. Qxd1 Qb6 25. Qe2 Qb4 26. Qe5 f6 27. Qe3 Kd7 28. Qd2+ Qxd2+ 29. Kxd2 b6 30. b4 Na6 31. a3 Kd6 32. Be4 g5 33. fxg5 fxg5 34. Ke3 Ke5 35. c4 Nc7 36. Bc6 Kd6 37. Bb7 Ke5 38. Bc6 Kd6 39. Bb7 Ke5 1/2-1/2

[Event "BL 9798 (Women)"]
[Site "Germany"]
[Date "1998.??.??"]
[Round "?.3"]
[White "Dergatschova, Anna"]
[Black "Schaefer, Anke"]
[Result "1-0"]
[WhiteElo "2250"]
[BlackElo "2160"]
[PlyCount "107"]
[EventDate "1997.10.??"]
[EventType "team-tourn"]
[EventRounds "11"]
[EventCountry "GER"]
[SourceTitle "EXT 1999"]
[Source "ChessBase"]
[SourceDate "1998.11.16"]
[SourceVersion "1"]
[SourceVersionDate "1998.11.16"]
[SourceQuality "1"]
[WhiteTeam "Holsterhausen"]
[BlackTeam "Leipzig Gohlis"]
[WhiteTeamCountry "GER"]
[BlackTeamCountry "GER"]

1. e4 c5 2. c3 d5 3. exd5 Qxd5 4. d4 Nf6 5. Nf3 Bg4 6. Be2 e6 7. 0-0 Be7 8. Be3 cxd4 9. Qa4+ Nc6 10. cxd4 0-0 11. h3 Bh5 12. Nc3 Qd6 13. Rfe1 Qb4 14. Qc2 Bg6 15. Qc1 Rac8 16. a3 Qd6 17. Bf4 Qd8 18. Qe3 Nd5 19. Nxd5 Qxd5 20. b4 Rfd8 21. Red1 Qe4 22. Rac1 Bf6 23. Bf1 h6 24. Re1 Qxe3 25. fxe3 Be4 26. b5 Ne7 27. Bc7 Rd7 28. Bg3 Rdd8 29. Bf2 Bxf3 30. gxf3 e5 31. dxe5 Bxe5 32. e4 Ng6 33. Bxa7 Rxc1 34. Rxc1 Nh4 35. Be2 Rd2 36. Kf1 Ra2 37. Bc5 Bg3 38. a4 Rxa4 39. Bf2 Bxf2 40. Kxf2 Ng6 41. Rc8+ Kh7 42. Rc7 Nf4 43. Rxf7 Nxh3+ 44. Kg3 Ng5 45. Rxb7 Ne6 46. e5 Rd4 47. Re7 Nf4 48. Bf1 h5 49. Re8 g5 50. e6 h4+ 51. Kf2 Rd2+ 52. Ke1 Rd5 53. b6 Nd3+ 54. Bxd3+ 1-0

[Event "BL 9798 (Women)"]
[Site "Germany"]
[Date "1998.??.??"]
[Round "?.3"]
[White "Jahn, Constanze"]
[Black "Schaefer, Anke"]
[Result "1/2-1/2"]
[WhiteElo "2180"]
[BlackElo "2160"]
[PlyCount "85"]
[EventDate "1997.10.??"]
[EventType "team-tourn"]
[EventRounds "11"]
[EventCountry "GER"]
[SourceTitle "EXT 1999"]
[Source "ChessBase"]
[SourceDate "1998.11.16"]
[SourceVersion "1"]
[SourceVersionDate "1998.11.16"]
[SourceQuality "1"]
[WhiteTeam "Halle"]
[BlackTeam "Leipzig Gohlis"]
[WhiteTeamCountry "GER"]
[BlackTeamCountry "GER"]

1. e4 c5 2. b3 e5 3. Nf3 d6 4. Bc4 Be7 5. Nc3 Nf6 6. d3 0-0 7. h3 Nbd7 8. Bg5 Ne8 9. Bxe7 Qxe7 10. Nd5 Qd8 11. Qd2 Rb8 12. a4 Ndf6 13. 0-0 Nxd5 14. Bxd5 Nf6 15. Bc4 Nh5 16. Qg5 Nf4 17. Qxd8 Rxd8 18. Ng5 Rf8 19. Kh2 h6 20. Nf3 Kh7 21. Ng1 f6 22. g3 Ne6 23. c3 b6 24. Ne2 a6 25. d4 Ng5 26. f4 exf4 27. Nxf4 Nxe4 28. Bd3 f5 29. Nd5 Bd7 30. g4 cxd4 31. gxf5 Nf6 32. c4 Bc6 33. Nc7 Be4 34. Bxe4 Nxe4 35. Ne6 Rf6 36. Rf4 Nc5 37. Nxd4 Re8 38. Raf1 Re3 39. R4f3 Rxf3 40. Rxf3 g6 41. fxg6+ Kxg6 42. Re3 Rf4 43. Ne6 1/2-1/2

[Event "BL 9798 (Women)"]
[Site "Germany"]
[Date "1998.??.??"]
[Round "?.4"]
[White "Moingt, Anne"]
[Black "Schaefer, Anke"]
[Result "1/2-1/2"]
[WhiteElo "2145"]
[BlackElo "2160"]
[PlyCount "104"]
[EventDate "1997.10.??"]
[EventType "team-tourn"]
[EventRounds "11"]
[EventCountry "GER"]
[SourceTitle "EXT 1999"]
[Source "ChessBase"]
[SourceDate "1998.11.16"]
[SourceVersion "1"]
[SourceVersionDate "1998.11.16"]
[SourceQuality "1"]
[WhiteTeam "Karlsruhe"]
[BlackTeam "Leipzig Gohlis"]
[WhiteTeamCountry "GER"]
[BlackTeamCountry "GER"]

1. e4 c5 2. Nf3 Nc6 3. d4 cxd4 4. Nxd4 Nf6 5. Nc3 e5 6. Ndb5 d6 7. Bg5 a6 8. Na3 b5 9. Nd5 Be7 10. Bxf6 Bxf6 11. c3 Ne7 12. Nc2 Nxd5 13. Qxd5 Rb8 14. Ne3 Bb7 15. Qd3 g6 16. Be2 Bg5 17. 0-0 0-0 18. Nd5 Kh8 19. a4 bxa4 20. Rxa4 Bxd5 21. Qxd5 Rxb2 22. Bxa6 Qb6 23. Qa5 Qxa5 24. Rxa5 Ra8 25. Rb5 Rxb5 26. Bxb5 Ra3 27. c4 Rc3 28. g3 Rc2 29. Rd1 Bd2 30. Kg2 Bb4 31. Rf1 Bc5 32. g4 Kg7 33. h4 Bb6 34. Kg3 Rc3+ 35. Kg2 Bd4 36. Ba6 Rc2 37. Bb5 f6 38. Kg3 Rc3+ 39. Kg2 Rc2 40. Kg3 Rc3+ 41. Kg2 Bc5 42. Ra1 Rc2 43. Rf1 f5 44. gxf5 gxf5 45. exf5 Kf6 46. Kg3 Kxf5 47. Bd7+ Kf6 48. Bb5 Rc3+ 49. Kg4 Rc2 50. Kg3 Rc3+ 51. Kg4 Rc2 52. Kg3 Rc3+ 1/2-1/2

[Event "Oberliga Nord W 9697"]
[Site "Germany"]
[Date "1997.05.04"]
[Round "9.4"]
[White "Hoerstmann, Martin"]
[Black "Schaefer, Anke"]
[Result "0-1"]
[WhiteElo "2295"]
[BlackElo "2155"]
[PlyCount "178"]
[EventDate "1996.10.??"]
[EventType "team"]
[EventRounds "9"]
[EventCountry "GER"]
[SourceTitle "EXT 2003"]
[Source "ChessBase"]
[SourceDate "2002.11.25"]
[SourceVersion "1"]
[SourceVersionDate "2002.11.25"]
[SourceQuality "1"]
[WhiteTeam "Isernhagen"]
[BlackTeam "Stader SV"]
[WhiteTeamCountry "GER"]
[BlackTeamCountry "GER"]

1. Nf3 d5 2. d4 c6 3. c4 e6 4. Qc2 f5 5. g3 Bd6 6. Bg2 Nf6 7. 0-0 0-0 8. Bf4 Bxf4 9. gxf4 Ng4 10. Nbd2 Nd7 11. b4 Ndf6 12. Ne5 Nxe5 13. dxe5 Nh5 14. e3 g5 15. Qd1 Ng7 16. fxg5 Qxg5 17. f4 Qe7 18. Qb3 Bd7 19. Nf3 Kh8 20. Kh1 Be8 21. Rac1 Bh5 22. Nd4 Bg4 23. Qc3 Qh4 24. Qe1 Qe7 25. Rf2 Rac8 26. Rfc2 Qd7 27. Qh4 a5 28. bxa5 dxc4 29. Rxc4 Ra8 30. Qe1 Qc7 31. Nb3 Rfd8 32. R4c2 Rd3 33. Rd2 Qd8 34. Rcc2 h6 35. Kg1 Kh7 36. Rxd3 Qxd3 37. Qd2 Qb5 38. Rc5 Qa4 39. Rc3 Rg8 40. Rd3 Qb5 41. Rd7 Be2 42. Qc3 Bc4 43. Rd4 Be2 44. Rb4 Qa6 45. Rb6 Qa8 46. Nc5 Qd8 47. Rxb7 Kh8 48. Rd7 Qh4 49. Qd2 Qg4 50. h3 Qh5 51. a6 Ne8 52. Qe1 Bf3 53. Rd2 Qxh3 54. Qf1 Bd5 55. Rxd5 Qxe3+ 56. Qf2 Qc1+ 57. Kh2 exd5 58. Ne6 Qa3 59. Qh4 Rg6 60. Ng5 Kg7 61. Nf3 Kh7 62. Qh3 Qxa6 63. Qxf5 Ng7 64. Qc2 Qc4 65. Qxc4 dxc4 66. Bf1 Rg4 67. Bxc4 Rxf4 68. Bd3+ Kg8 69. Kg3 Nh5+ 70. Kf2 Ra4 71. Ke3 Nf4 72. Bf5 Nd5+ 73. Kd3 Ra3+ 74. Ke2 Rxa2+ 75. Kd3 Ra3+ 76. Ke2 Nf4+ 77. Kf2 c5 78. Be4 Kf7 79. Kg3 Ng6 80. Kg4 Ra4 81. Kf5 Ne7+ 82. Kf4 Ke6 83. Ke3 Nf5+ 84. Kf4 Ng3 85. Nd2 Nxe4 86. Nxe4 h5 87. Ke3 Rxe4+ 88. Kxe4 h4 89. Kf4 c4 0-1

[Event "Aeskulap op 14th"]
[Site "Goerlitz"]
[Date "1997.03.28"]
[Round "4"]
[White "Heymann, Ulrike"]
[Black "Schaefer, Anke"]
[Result "1/2-1/2"]
[WhiteElo "2140"]
[BlackElo "2097"]
[PlyCount "35"]
[EventDate "1997.03.26"]
[EventType "swiss"]
[EventRounds "7"]
[EventCountry "GER"]
[SourceTitle "EXT 2009"]
[Source "ChessBase"]
[SourceDate "2008.11.26"]
[SourceVersion "1"]
[SourceVersionDate "2008.11.26"]
[SourceQuality "1"]

1. e4 c5 2. Nf3 Nc6 3. d4 cxd4 4. Nxd4 Nf6 5. Nc3 e5 6. Ndb5 d6 7. Bg5 a6 8. Na3 Be6 9. Nc4 Rc8 10. Bxf6 Qxf6 11. Nb6 Rb8 12. Nbd5 Qd8 13. g3 g6 14. Bg2 Bg7 15. 0-0 0-0 16. Qd2 Nd4 17. Ne3 Qa5 18. Rfd1 1/2-1/2

[Event "Oberliga Nord W 9697"]
[Site "Germany"]
[Date "1997.01.12"]
[Round "4.4"]
[White "Wronn, Bernd"]
[Black "Schaefer, Anke"]
[Result "1/2-1/2"]
[WhiteElo "2085"]
[BlackElo "2155"]
[PlyCount "84"]
[EventDate "1996.10.??"]
[EventType "team"]
[EventRounds "9"]
[EventCountry "GER"]
[SourceTitle "EXT 2003"]
[Source "ChessBase"]
[SourceDate "2002.11.25"]
[SourceVersion "1"]
[SourceVersionDate "2002.11.25"]
[SourceQuality "1"]
[WhiteTeam "Buxtehude"]
[BlackTeam "Stader SV"]
[WhiteTeamCountry "GER"]
[BlackTeamCountry "GER"]

1. d4 d5 2. Nf3 c6 3. Bf4 Bg4 4. c4 Bxf3 5. exf3 dxc4 6. Bxc4 e6 7. Nc3 Nf6 8. 0-0 Be7 9. Ne4 0-0 10. Bb3 Na6 11. Re1 Nb4 12. Be5 Nbd5 13. Qd3 h6 14. a3 Nd7 15. Rad1 Qb6 16. Bc2 Rfd8 17. Nc3 N5f6 18. Ne4 Nd5 19. Nc5 N7f6 20. b4 a5 21. bxa5 Qa7 22. Bxf6 Nxf6 23. Ne4 Qxa5 24. Rb1 b5 25. Ra1 Qb6 26. Red1 Ra7 27. Nc5 Raa8 28. Qe3 Ra7 29. Rab1 Qa5 30. a4 Kf8 31. axb5 cxb5 32. Qe2 b4 33. Bb3 Bxc5 34. dxc5 Rxd1+ 35. Qxd1 Rd7 36. Qc1 Nd5 37. c6 Rc7 38. Ra1 Qb5 39. Bxd5 Qxd5 40. Ra8+ Ke7 41. Ra6 b3 42. Qa3+ Kf6 1/2-1/2

[Event "BL 9798 (Women)"]
[Site "Germany"]
[Date "1997.??.??"]
[Round "?.3"]
[White "Schaefer, Anke"]
[Black "Espig, Gesine"]
[Result "1-0"]
[WhiteElo "2160"]
[BlackElo "2065"]
[PlyCount "73"]
[EventDate "1997.10.??"]
[EventType "team-tourn"]
[EventRounds "11"]
[EventCountry "GER"]
[SourceTitle "EXT 1999"]
[Source "ChessBase"]
[SourceDate "1998.11.16"]
[SourceVersion "1"]
[SourceVersionDate "1998.11.16"]
[SourceQuality "1"]
[WhiteTeam "Leipzig Gohlis"]
[BlackTeam "Gera"]
[WhiteTeamCountry "GER"]
[BlackTeamCountry "GER"]

1. e4 c5 2. Nc3 Nc6 3. Nf3 d6 4. d4 cxd4 5. Nxd4 Nf6 6. Be2 e6 7. 0-0 a6 8. Be3 Be7 9. f4 Qc7 10. Bf3 Na5 11. Kh1 Bd7 12. Qe1 Nc4 13. Bc1 0-0 14. b3 Qc5 15. Nce2 Nb6 16. c4 e5 17. Nc2 Nc8 18. Be3 Qc7 19. Nb4 b5 20. Rc1 Qa5 21. Bd2 bxc4 22. Rxc4 Bb5 23. Rc2 Qb6 24. Rg1 Qb7 25. Nc3 Nb6 26. Nxb5 axb5 27. Qe2 Nbd7 28. Rgc1 Nc5 29. fxe5 dxe5 30. Rxc5 Bxc5 31. Rxc5 Qe7 32. Rxb5 Rac8 33. h3 Rfd8 34. Bg5 h6 35. Nd5 Rxd5 36. Bxf6 Qxf6 37. Rxd5 1-0

[Event "Finkenstein op"]
[Site "Finkenstein"]
[Date "1997.??.??"]
[Round "?"]
[White "Schaefer, Anke"]
[Black "Kaspret, Guido"]
[Result "0-1"]
[WhiteElo "2175"]
[BlackElo "2320"]
[PlyCount "56"]
[EventDate "1997.??.??"]
[EventType "swiss"]
[EventRounds "9"]
[EventCountry "AUT"]
[SourceTitle "EXT 2003"]
[Source "ChessBase"]
[SourceDate "2002.11.25"]
[SourceVersion "1"]
[SourceVersionDate "2002.11.25"]
[SourceQuality "1"]

1. e4 c5 2. Nf3 a6 3. c3 e6 4. d4 d5 5. e5 Bd7 6. Be3 Qb6 7. Qb3 Qxb3 8. axb3 cxd4 9. Nxd4 Nc6 10. f4 Nxd4 11. Bxd4 Ne7 12. Bc5 Rc8 13. b4 g5 14. fxg5 Ng6 15. Bxf8 Kxf8 16. Be2 Nxe5 17. 0-0 Ke7 18. Nd2 Rcg8 19. h4 h6 20. gxh6 Rxh6 21. h5 Ng4 22. Rf4 e5 23. Rf3 Rxh5 24. Rg3 Rgh8 25. Bxg4 Rh1+ 26. Kf2 Rxa1 27. Nf3 Bxg4 28. Rxg4 Kf6 0-1

[Event "GER-chT Federal Cup (Women)"]
[Site "Braunfels"]
[Date "1996.??.??"]
[Round "?"]
[White "Derlich, Karin"]
[Black "Schaefer, Anke"]
[Result "1/2-1/2"]
[WhiteElo "2065"]
[BlackElo "2155"]
[PlyCount "94"]
[EventDate "1996.??.??"]
[EventType "team-swiss"]
[EventRounds "5"]
[EventCountry "GER"]
[SourceTitle "EXT 1999"]
[Source "ChessBase"]
[SourceDate "1998.11.16"]
[SourceVersion "1"]
[SourceVersionDate "1998.11.16"]
[SourceQuality "1"]

1. e4 c5 2. Nf3 Nc6 3. d4 cxd4 4. Nxd4 Nf6 5. Nc3 e5 6. Ndb5 d6 7. Nd5 Nxd5 8. exd5 Nb8 9. c4 Be7 10. Bd3 a6 11. Nc3 0-0 12. 0-0 f5 13. f3 Nd7 14. Be3 Bg5 15. Bf2 Qf6 16. Qc2 Bh6 17. b4 g6 18. c5 Bg7 19. Rac1 e4 20. fxe4 f4 21. e5 Qxe5 22. Ne4 Kh8 23. Nxd6 f3 24. Be4 Qg5 25. Bg3 Qe3+ 26. Kh1 fxg2+ 27. Bxg2 Nf6 28. Rce1 Qh6 29. Re7 Qh5 30. Be5 Bh3 31. Bxh3 Qxh3 32. Qg2 Qh4 33. Nf7+ Kg8 34. Ng5 Rae8 35. Rxe8 Rxe8 36. Ne6 Bh8 37. Qf3 Kf7 38. a3 Ke7 39. Bg3 Qc4 40. Re1 Kd7 41. Rd1 Kc8 42. Nc7 Re2 43. d6 Qc2 44. Rf1 Qc4 45. Bh4 Re3 46. Qf2 Re2 47. Qf3 Re3 1/2-1/2

[Event "GER-chT Federal Cup (Women)"]
[Site "Braunfels"]
[Date "1996.??.??"]
[Round "?"]
[White "Schaefer, Anke"]
[Black "Nuenchert, Eveline"]
[Result "1/2-1/2"]
[WhiteElo "2155"]
[BlackElo "2220"]
[PlyCount "126"]
[EventDate "1996.??.??"]
[EventType "team-swiss"]
[EventRounds "5"]
[EventCountry "GER"]
[SourceTitle "EXT 1999"]
[Source "ChessBase"]
[SourceDate "1998.11.16"]
[SourceVersion "1"]
[SourceVersionDate "1998.11.16"]
[SourceQuality "1"]

1. e4 c5 2. Nc3 e6 3. Nf3 a6 4. d4 cxd4 5. Nxd4 Qc7 6. g3 Nf6 7. Bg2 Nc6 8. 0-0 Be7 9. Nb3 0-0 10. a4 d6 11. a5 Nd7 12. f4 b5 13. axb6 Nxb6 14. Qe2 Bb7 15. Be3 Rac8 16. Rad1 Nb4 17. f5 Nc4 18. Bc1 Bf6 19. fxe6 fxe6 20. Qg4 Rce8 21. Rf2 Qb6 22. Qe2 Be5 23. Rdf1 Rxf2 24. Rxf2 Rf8 25. Nd1 Rxf2 26. Nxf2 Nxb2 27. Be3 Qb5 28. Qg4 Bc8 29. Bf1 Qe8 30. Nd4 Bxd4 31. Bxd4 e5 32. Qg5 exd4 33. Qa5 Nxc2 34. Qa2+ Kh8 35. Qxb2 Ne3 36. Qxd4 Nxf1 37. Kxf1 Qb5+ 38. Kg2 Qc6 39. Qa7 h6 40. Qf7 a5 41. g4 Qd7 42. Qh5 a4 43. g5 Kg8 44. gxh6 gxh6 45. Qxh6 Qg7+ 46. Qxg7+ Kxg7 47. Nd3 a3 48. Nb4 Be6 49. Nc2 a2 50. Kf3 Kg6 51. Kf4 Kf6 52. Na1 Bg8 53. h4 Bf7 54. Nc2 Bb3 55. Na1 Bd1 56. Ke3 Ke5 57. Kd2 Bf3 58. Kc3 Bxe4 59. Kb2 Bb1 60. Nb3 Kf4 61. Nd2 Kg4 62. Nxb1 axb1Q+ 63. Kxb1 Kxh4 1/2-1/2

[Event "Potsdam"]
[Site "Potsdam"]
[Date "1995.12.30"]
[Round "7"]
[White "Becker, Hartmuth"]
[Black "Schaefer, Anke"]
[Result "1/2-1/2"]
[WhiteElo "2105"]
[BlackElo "2155"]
[PlyCount "55"]
[EventDate "1995.12.27"]
[EventType "swiss"]
[EventRounds "7"]
[EventCountry "GER"]
[SourceTitle "EXT 2008"]
[Source "ChessBase"]
[SourceDate "2007.11.25"]
[SourceVersion "1"]
[SourceVersionDate "2007.11.25"]
[SourceQuality "1"]

1. c4 e5 2. Nc3 Nc6 3. g3 g6 4. Bg2 Bg7 5. e3 d6 6. Nge2 Nh6 7. 0-0 0-0 8. d3 Be6 9. Rb1 Qd7 10. b4 Bh3 11. b5 Bxg2 12. Kxg2 Nd8 13. Qc2 Ne6 14. e4 f5 15. f4 Rae8 16. Bd2 Nd4 17. Qd1 Ng4 18. h3 Nf6 19. exf5 gxf5 20. Nxd4 exd4 21. Nd5 Nxd5 22. cxd5 Qf7 23. Qf3 Re7 24. Rfe1 Rfe8 25. Rxe7 Rxe7 26. a4 Qe8 27. Kf2 Bf6 28. Re1 1/2-1/2

[Event "Potsdam"]
[Site "Potsdam"]
[Date "1995.12.27"]
[Round "1"]
[White "Kleeschaetzky, Ralf"]
[Black "Schaefer, Anke"]
[Result "1-0"]
[WhiteElo "2295"]
[BlackElo "2155"]
[PlyCount "79"]
[EventDate "1995.12.27"]
[EventType "swiss"]
[EventRounds "7"]
[EventCountry "GER"]
[SourceTitle "EXT 2008"]
[Source "ChessBase"]
[SourceDate "2007.11.25"]
[SourceVersion "1"]
[SourceVersionDate "2007.11.25"]
[SourceQuality "1"]

1. Nf3 c5 2. c4 Nc6 3. d4 cxd4 4. Nxd4 g6 5. e4 Bg7 6. Be3 Nf6 7. Nc3 0-0 8. Be2 d6 9. 0-0 Bd7 10. Qd2 Rc8 11. f3 a6 12. Rac1 Re8 13. Rfd1 Qa5 14. Nb3 Qb4 15. c5 Be6 16. cxd6 Bxb3 17. axb3 Rcd8 18. Na4 Qxd2 19. Rxd2 Rxd6 20. Rxd6 exd6 21. Bxa6 bxa6 22. Rxc6 d5 23. Bg5 Nd7 24. Rd6 Ne5 25. Rxd5 Nc6 26. g4 Rb8 27. Nc5 Bxb2 28. Bf4 Rc8 29. Nxa6 Nd4 30. Kg2 Nxb3 31. Rb5 Rc2+ 32. Kh3 Bc1 33. Bd6 Nd2 34. Rb8+ Kg7 35. Nb4 Rc4 36. g5 f5 37. Rb7+ Kg8 38. Nd5 Nxe4 39. Nf6+ Nxf6 40. gxf6 1-0

[Event "BL 9495 (Women)"]
[Site "Germany"]
[Date "1995.03.18"]
[Round "10.2"]
[White "Schaefer, Anke"]
[Black "Mai, Iris"]
[Result "1-0"]
[WhiteElo "2135"]
[BlackElo "2210"]
[PlyCount "65"]
[EventDate "1994.10.01"]
[EventType "team-tourn"]
[EventRounds "11"]
[EventCountry "GER"]
[SourceTitle "EXT 1997"]
[Source "ChessBase"]
[SourceDate "1996.11.15"]
[SourceVersion "1"]
[SourceVersionDate "1996.11.15"]
[SourceQuality "1"]
[WhiteTeam "Stade"]
[BlackTeam "Halle USV"]
[WhiteTeamCountry "GER"]
[BlackTeamCountry "GER"]

1. e4 c5 2. Nf3 d6 3. d4 cxd4 4. Nxd4 a6 5. Nc3 e6 6. Be3 Nf6 7. g4 Nc6 8. g5 Nd7 9. h4 Qa5 10. Nb3 Qc7 11. f4 b5 12. Qd2 Na5 13. Nxa5 Qxa5 14. Bd3 Bb7 15. Rf1 Nc5 16. a3 Nxd3+ 17. cxd3 Be7 18. f5 Qd8 19. fxe6 fxe6 20. 0-0-0 Qd7 21. Bb6 a5 22. Qf2 Rf8 23. Qd4 e5 24. Qe3 Rxf1 25. Rxf1 b4 26. Qf3 Qe6 27. Nd5 Bxd5 28. exd5 Qg6 29. a4 h6 30. Kb1 Ra6 31. h5 Qxg5 32. Qf7+ Kd7 33. Qe6+ 1-0